000 00280nam a2200109Ia 4500
008 220120s9999||||xx |||||||||||||| ||und||
100 _aArora, C P and others
_98766
245 0 _aHeat and mass transfer
260 _aDhanapathrai publishing
_c1997
300 _b299
650 _aVHDL
999 _c137243
_d137243